Quizzes
Events
Quiz Creation
Community
Videos
Private Events
Remove Ads
Sign In
Join for FREE
Feedback
Dark Mode
Quiz Categories
Sports
Geography
Music
Movies
Television
Just For Fun
Miscellaneous
History
Literature
Language
Science
Gaming
Entertainment
Religion
Holiday
For Kids
Quiz Lab
Recent
Popular Today
Quiz Kudos Today
Editor Picks
Curator Picks
Quizzes by...
Day
Popularity
Type
Ratings
Length
Year
Community
Subscriptions
Recent Discussions
Orange Saloon
Badges
Playlists
Quests
Create
Leaderboards
Showdown
Live 5
Trivia Bingo
Activity
Puzzle Library
Sporcle Events
Private Events
Virtual Trivia
Globe League
Become a Host
Pub Owners
SporcleCon
Opinionation
Our Games
Videos
Blog
Mobile Apps
Partnerships
Remove Ads and Go Orange
Feedback
Language
Vocabulary
Begins and Ends
Definition
Spanish
French
German
Italian
Chinese
Latin
Translation
Japanese
Language
Vocabulary
Begins and Ends
Definition
Spanish
French
German
Italian
Chinese
Latin
Translation
Japanese
Random Quiz
Search Sporcle
×
Quiz Lab
Quiz Lab
Language
Vocabulary
Type in answers that appear in a list
Type in answers that appear in a list
Classic
Best Score? Go Orange.
Tejidos, Hilo 9 Vocabulary Stats
Can you name the Tejidos, Hilo 9 Vocabulary?
By
cherrera
10m
30 Questions
65 Plays
65 Plays
65 Plays
Comments
Comments
Give Quiz Kudos
Give Quiz Kudos
-
- Ratings
hide this ad
Replay
Link that replays current quiz
Next Quiz
Link to next quiz in quiz playlist
You Got
0%
They Got
Avg Score
76%
Avg Friend Score
Upgrade to see
Score Distribution
Jump to the score distribution portion of the page
Score
0/30
Timer
10:00
0
Plays Today
Hint
Answer
% Correct
racism
el racismo
98.5%
war
la guerra
92.3%
artist
el artista
90.8%
mask
la mascara
89.2%
human rights
los derechos humanos
89.2%
clothing (dressing)
el ropaje
87.7%
sword
la espada
86.2%
hate
el odio
84.6%
to pretend
fingir
81.5%
I don't agree with...
No estoy de acuerdo
80%
According to
segun
80%
a city block
la manzana
76.9%
arrow
la flecha
75.4%
It would be better if
Seria mejor si
75.4%
those marginalized by society
los marginados
73.8%
Hint
Answer
% Correct
the lament or cry
el llanto
72.3%
one's country; sense of pride
la patria
72.3%
the press (news)
la prensa
72.3%
It seems to me
Me parece que
72.3%
abandoning one's country to flee to another
el exilio
70.8%
a representative
el portavoz
70.8%
a pilgrimage
el peregrinaje
70.8%
those who were disappeared (Guerra Sucia)
los desaparecidos
70.8%
to kidnap
secuestrar
69.2%
to be put in charge of another
entregarse
67.7%
threat/
intimidation
la amenaza
66.2%
the killing of one's own people
el genocidio
66.2%
I'm sorry, but I believe you are mistaken.
Lo siento, pero creo que estas equivocado.
66.2%
early morning/
dawn
la madrugada
63.1%
to execute/
shoot
fusilar
58.5%
Quiz Playlist
Details
Report
Send in Message
Add To Playlist
Classic:
Type in answers that appear in a list
Last Updated: Apr 28, 2017
Quiz Scoreboard
CHALLENGE
Sign Up to Join the Scoreboard
Show All
Scores
Hide
Comments
May contain spoilers
Recently Published
Billboard Blitz: Fleetwood Mac
by CooCooCachoo
Music
15s
Presidents Visiting Landmarks
by Hejman
History
7m
An Introduction to Baseball
by treessimontrees
Sports
5m
More to Explore
Quiz From the Vault
Featured Blog Post
Where Did the Easter Bunny Come From?
hide this ad
You Might Also Like...
Tags
Vocabulary Quiz
Today's Top Quizzes in Language
Browse Language
hide this ad
Today's Top Quizzes in Vocabulary
Browse Vocabulary
Top Contributed Quizzes in Language
1
1-10 Letter F Words III
2
1-10 Letter G Words III
3
Order Up: Top 10 Most Native Spoken Languages
4
1-10 Letter H Words III
5
One Thing in Common: Italy
6
1-10 Letter I Words III
7
Weisst du, aus welchen Sprachen diese Wörter stammen?
8
1-10 Letter J Words III
9
Celtic Nations in their Language
10
1-10 Letter K Words III
Explore More
Trending Topics
Crossword
Harry Potter
NBA
Kpop
Disney
Marvel
Anime
The Office
Country
Soccer
Puzzle
Song
NFL
WWE
Pokémon
hide this ad
More By:
cherrera
Quiz
Plays
Rating
Category
Featured
Created
Tejidos-Famous Person Review
131
Language
May 17, 2017
Tejidos, Hilo 9 Vocabulary
65
Language
Apr 28, 2017
Tejidos, Hilo 8 Vocab
55
Language
Apr 28, 2017
Striking up a Spanish Conversation
22
1.00
Language
Apr 25, 2017
Expressing Opinions, Likes, and Dislikes Spanish
18
Language
Apr 27, 2017
Go to Creator's Profile
Score Distribution
Quiz Creator Spotlight
cherrera
Follow
Send a Message
Quizzes Created
-
Created Quiz Play Count
-
More By This Creator
Popular Quizzes Today
1
Find the US States - No Outlines Minefield
2
Find the Countries of Europe - No Outlines Minefield
3
The Countries of the World
4
Find the US States
5
US States
6
Popular People in 1961
7
Risky Map Clicking: Biggest States A-Z
8
Movies - When Are They Set?
More Language Quizzes
In 6 Languages: Clothing
Published
Trending Quizzes
Risky Map Clicking: Least Populous States A-Z
1-10 Letter G Words
1-10 Letter F Words
Risky Map Clicking: Next State Alphabetically
'A' Boys' Names Grid
Recently Updated
Leaping Animals
pecheneg
Reality TV Shows (A-Z)
bhenderson79
Rickey Henderson's Hall of Fame Teammates
pecheneg
Champions League XIs: Arsenal
pecheneg
Quick Pick: Celebrities in WWE's Hall of Fame
aduchscher
A-Z Keypad Blitz II
pecheneg
Multiple Oscar Actors
pecheneg
Mystery Phrase Blitz: Oscar 'Best Actors'
pecheneg
F. Scott Fitzgerald Novels
LTH
Pick 3 Villains
ddd62291
Trending Topics
Disney
Crossword
NBA
Kpop
Anime
Harry Potter
Marvel
WWE
NFL
Country
The Office
Puzzle
Song
Soccer
Pokémon
Your Account Isn't Verified!
In order to create a playlist on Sporcle, you need to verify the email address you used during registration. Go to your
Sporcle Settings
to finish the process.
Report this User
Report this user for behavior that violates our
Community Guidelines
.
Details:
Send Report
Go to the Sporcle.com Mobile Site →
Comments